000 00324nam a2200121Ia 4500
008 240731s9999 xx 000 0 und d
022 _a2001-0001
245 0 _aPathobiology of Aging & Age-related Diseases
260 _bTaylor & Francis
856 _uhttps://www.tandfonline.com/loi/zpba20
942 _2ddc
942 _cTFEJ
999 _c78869
_d78869
945 _a1
_bMadushi Gamage
_c1
_dMadushi Gamage